Plan of the city of Kingston-upon-Hull (Record no. 116880)

MARC details
000 -LEADER
fixed length control field 00978cem a22002175a 4500
001 - CONTROL NUMBER
control field L140437
008 - FIXED-LENGTH DATA ELEMENTS--GENERAL INFORMATION
fixed length control field 070924s1899 xxk a 0 eng u
035 ## - SYSTEM CONTROL NUMBER
System control number (Sirsi) u140437
041 0# - LANGUAGE CODE
Language code of text/sound track or separate title eng
100 1# - MAIN ENTRY--PERSONAL NAME
Personal name Fryer, George
245 00 - TITLE STATEMENT
Title Plan of the city of Kingston-upon-Hull
Remainder of title 1899. Shewing all recent improvements
Medium [cartographic material]
255 ## - CARTOGRAPHIC MATHEMATICAL DATA
Statement of scale Scale 1:10560
260 ## - PUBLICATION, DISTRIBUTION, ETC.
Place of publication, distribution, etc. Hull
Name of publisher, distributor, etc. M. Harland and Son
Date of publication, distribution, etc. 1899
300 ## - PHYSICAL DESCRIPTION
Extent 1 map
Other physical details cloth-backed, rolled
Dimensions 64 x 98cm.
500 ## - GENERAL NOTE
General note Map is mounted on to a wooden roll at the bottom; it appears that there was a similar roll to the top, however this has been lost. The face of the map is varnished.
500 ## - GENERAL NOTE
General note Manuscript note on verso: 'With Geo. Fryer's compliments 1/6/1900'.
500 ## - GENERAL NOTE
General note George Fryer's address is given as 'Conservancy Buildings, Whitefriargate, Hull'.
651 4# - SUBJECT ADDED ENTRY--GEOGRAPHIC NAME
Geographic name Kingston-upon-Hull
690 ## - LOCAL SUBJECT ADDED ENTRY--TOPICAL TERM (OCLC, RLIN)
Topical term or geographic name as entry element ENVIRONMENTAL AND LAND CONSULTANCY-GEOMATICS-MAPPING AND POSITIONING-CARTOGRAPHY
942 ## - ADDED ENTRY ELEMENTS (KOHA)
Suppress in OPAC 0
Holdings
Withdrawn status Lost status Source of classification or shelving scheme Damaged status Not for loan Home library Current library Shelving location Date acquired Total Checkouts Full call number Barcode Date last seen Copy number Price effective from Koha item type
    Dewey Decimal Classification     Historic collection Historic collection Historic collection 24/09/2007   MAP CABINET DRAWER 5 140437-2001 06/08/2019 1 06/08/2019 Archive